000 00943nam a2200265 i 4500
001 144341
003 ES-MaACL
005 20250826105751.0
007 t|
008 070214s1985 sp r ||||1| spa d
020 _a84-7481-345-X
100 1 _aBarrientos García, Jose.
_925974
245 1 3 _aUn siglo de moral económica en Salamanca
_b: (1526-1629) /
_cJose Barrientos García.
260 _aSalamanca :
_bUniversidad de Salamanca,
_c1985.
300 _a1 v. ;
_c25 cm.
490 1 _aActa salmanticensia. Filosofía y letras ;
_v164
505 8 _aContiene: Vol. I. Francisco de Vitoria y Domingo de Soto
600 1 4 _aSoto, Domingo de,
_d1495-1560
_9107479
710 2 _aUniversidad de Salamanca.
_97275
740 0 _aFrancisco de Vitoria y Domingo de Soto.
830 0 0 _aActa Salmanticensia
_v164
_9181394
852 _aES-MaACL
_jP-570
_bR.111786
852 _aES-MaACL
_jP-49
_bR.112682
999 _c144341
_d144341